000 00922nas a2200265 4500
001 BR8000689
003 BR-BrBNA
005 20231205084120.0
007 ta
008 230509b bl.|||p| |||| 00| 00por d
040 _aBR-BrBNA
_bpor
_cBiblioteca Nacional de Agricultura
041 _a(Pt)
072 _aL10
100 1 _aChaud- Netto, J.
245 1 _aEstudos biologicos com rainhas triploides de Apis mellifera, 1: producao de ovos abortivos por rainhas virgens [Abelha]
246 1 _aBiological studies with triploid queens of Apis mellifera, 1: Production of abortive eggs by virgin queens
650 _aMelhoramento genetico animal
650 _aAbelha
650 _aAbelha rainha
650 _aCruzamento
650 _aLinhagem
773 0 _tCiencia e Cultura (Brazil)
_xISSN 0009-6725
_g(Apr 1980), v. 32(4) p. 483-486
_wBR8000689
909 _a202311
_bLúcia
_c55
_dLúcia Elande
942 _2AGRIS
_n0
_cANA
999 _c103230
_d103230